00206nam a2200085Ia 4500008004100000100002600041245002200067260002200089260000900111170620s9999 xx 000 0 und d aHurlock- Elizabeth B. 0aChild Development bNew Delhi- T.M.H. c2004